000 00930nam a22001577a 4500
999 _c61588
_d61588
005 20240326143632.0
008 240326c2010 ge ||||| |||| 00| 0 geo d
022 _a1512-4207
041 _ageo
245 _aიბერია-კოლხეთი = Iberia-Colchis :
_b2010 /
_cმთ. რედაქტორი გ. გამყრელიძე; საქართველოს ეროვნული მუზეუმი. ოთარ ლორთქიფანიძის არქეოლოგიის ცენტრი.
260 _aთბილისი,
_c2003-
300 _aV.
700 _aგამყრელიძე, გ.
_eმთ. რედაქტორი
_919256
710 _aსაქართველოს ეროვნული მუზეუმი. ოთარ ლორთქიფანიძის არქეოლოგიის ცენტრი.
_91941
942 _2udc
_cCR